00486nam a22001457a 450000500170000000800410001702000150005804000130007308200190008610000680010524501100017326000370028330000110032054600090033120250210111942.0250210b |||||||| |||| 00| 0 eng d a9693205537 cPK-LaUMT a27.2113bTAH-K aTahir ul Qadiri, Muhammad = طاہر القادری، محمد aKitabul toheed =کتاب التوحید /cby Muhammad Tahir ul Qadiri = محمد طاہرالقادری aLahore :bMinhaj ul Quran,c2007 a874 p. aUrdu